MARC

LEADER 00000nam0a2200000 4500
001 149034
005 20231031145713.0
010 |a 9788873980483 
035 |a (RuTPU)RU\TPU\book\161573 
090 |a 149034 
100 |a 20081211d2004 k y0engy50 ba 
101 0 |a eng 
102 |a IT 
105 |a a z 000zy 
200 1 |a Multisciplinarity and Innovation ASP Projects 2 
210 |a Milano  |c Polipress  |d 2004 
215 |a 159 p.  |c il. 
610 1 |a техника 
610 1 |a технологии 
610 1 |a наука 
610 1 |a научные открытия 
610 1 |a образование 
610 1 |a инновации 
610 1 |a информационные технологии 
610 1 |a нанотехнологии 
610 1 |a промышленность 
610 1 |a автоматизация 
610 1 |a строительство 
610 1 |a английский язык 
675 |a 62  |v 3 
801 1 |a RU  |b 63413507  |c 20081211  |g PSBO 
801 2 |a RU  |b 63413507  |c 20081218  |g PSBO 
942 |c BK